000 00776nam a2200241Ia 4500
003 GCL
008 140319s9999 xx 000 0 ara d
020 _a6091118977
040 _aGCL /
_cGCL
082 0 4 _a246
_bم م
100 1 _aمحمد عمارة
245 1 0 _aالمعتزله والثورة /
_cمحمد عمارة
260 _aالقاهرة :
_bدار الهلال للطباعة والنشر ،
_c1984
300 _a209 ص ؛
_c15 سم
490 _aكتاب الهلال
_v0
650 0 4 _aالاسلام
650 0 4 _aالخلافة
650 0 4 _aالحركات الفكرية عند المسلمين
650 0 4 _aالمعتزلة
650 0 4 _aالاسلام والسياسة
650 0 4 _aالمعتزلة (علم الكلام)
942 _2ddc
_cBK
999 _c47195
_d47195